Picture Quiz: famous people, first name starts with A - Statistics

General Stats
  • This quiz has been taken 185 times
  • The average score is 7 of 15
Answer Stats
Picture Answer % Correct
Arnold Schwarzenegger
91%
Angela Merkel
81%
Adam Sandler
76%
Anne Hathaway
68%
Anne Boleyn
62%
Alan Rickman
57%
Arthur Ashe
54%
Anna Kendrick
52%
Angelina Jolie
46%
Alan Turing
29%
Adam Ant
17%
Alan Greenspan
15%
Adam Smith
13%
Andrew Lincoln
12%
Adam Yauch
4%
No matching quizzes found
Score Distribution
Percent of People with Each Score
Percentile by Number Answered
Your Score History
You have not taken this quiz